| 000 | 01655cam a2200373 a 4500 | ||
|---|---|---|---|
| 001 | EDZ0000063595 | ||
| 003 | StDuBDS | ||
| 005 | 20161031105143.0 | ||
| 006 | m||||||||d|||||||| | ||
| 007 | cr ||||||||||| | ||
| 008 | 120315s2010 cau fo| 001|0|eng|d | ||
| 020 |
_a9781452230375 (ebook) : _cNo price |
||
| 040 |
_aStDuBDS _beng _cStDuBDS _epn |
||
| 049 | _aAlfaisal Main Library | ||
| 050 | 0 |
_aHM1261 _b.B88 2010 |
|
| 082 | 0 | 4 |
_a158.4 _223 |
| 100 | 1 | _aBurtis, John Orville. | |
| 245 | 1 | 0 |
_aLeadership communication as citizenship _h[electronic resource] : _bgive direction to your team, organization, or community as a doer, follower, guide, manager, or leader / _cJohn O. Burtis, Paul D. Turman. |
| 260 |
_aThousand Oaks, Calif. ; _aLondon : _bSAGE, _cc2010. |
||
| 300 | _a1 online resource (xx, 247 p.) | ||
| 520 | 8 | _aThe authors articulate the important roles communication plays in co-constructing group, organizational, or community direction and on the skills to help co-construct direction in one's systems while playing the roles of doer, follower, guide manager, and/or leader. | |
| 521 | _aSpecialized. | ||
| 588 | _aDescription based on print version record. | ||
| 504 | _aIncludes bibliographical references and index. | ||
| 650 | 0 |
_aLeadership _xSocial aspects. |
|
| 650 | 0 | _aCommunication. | |
| 650 | 0 | _aInterpersonal communication. | |
| 655 | 7 |
_aElectronic books. _2local |
|
| 700 | 1 | _aTurman, Paul D. | |
| 710 | 2 | _aSage eBooks | |
| 776 | 0 | 8 |
_iPrint version : _z9781412955003 |
| 856 | 4 | 0 | _uhttp://ezproxy.alfaisal.edu/login?url=http://sk.sagepub.com/books/leadership-communication-as-citizenship |
| 942 |
_2lcc _cEBOOKS |
||
| 999 |
_c480461 _d480461 |
||